Mr. Witt en el canton

Guardat en:
Dades bibliogràfiques
Autor principal: Sender, Ramón José (Autor)
Format: Llibre
Idioma:espanyol
Publicat: Madrid Alianza 1968
Matèries:
Etiquetes: Afegir etiqueta
Sense etiquetes, Sigues el primer a etiquetar aquest registre!

MARC

LEADER 00000nam a2200000 a 4500
001 UCW8024
003 CL-VaPUC
008 880322e19680000SP |||||||||||||||||spa|d
082 0 4 |a 863  |b SEN  |2 21 
100 0 |a Sender, Ramón José  |e author  |9 313133 
245 1 0 |a Mr. Witt en el canton 
300 |a 271 p 
942 |c BK 
945 |d 19880322 00:00:00 
260 |a Madrid  |b Alianza  |c 1968 
650 0 |a Novelas españolas  |9 265052 
583 |a last modification  |c 19880322 00:00:00  |k Rodrigo Vera 
999 |c 220536  |d 220534 
952 |0 0  |1 0  |4 0  |6 863_000000000000000_SEN_1968  |7 0  |8 A  |9 212886  |a BIBEDU  |b BIBEDU  |d 2019-11-15  |i 2811928  |o 863 SEN 1968  |p 2811928  |r 2019-11-15  |w 2019-11-15  |y BK  |k LIT 
952 |0 0  |1 0  |4 0  |6 863_000000000000000_SEN_1968  |7 0  |8 A  |9 212887  |a BIBEDU  |b BIBEDU  |d 2019-11-15  |i 1467042  |o 863 SEN 1968  |p 1467042  |r 2019-11-15  |w 2019-11-15  |y BK  |k LIT 
952 |0 0  |1 0  |4 0  |6 863_000000000000000_SEN_1968  |7 0  |8 A  |9 212888  |a FDOPOS  |b FDOPOS  |d 2019-11-15  |i 1478125  |o 863 SEN 1968  |p 1478125  |r 2025-01-22  |w 2019-11-15  |y BK  |k MLH